| 000 | 00768nam a2200229 a 4500 | ||
|---|---|---|---|
| 001 | 13336 | ||
| 003 | BD-JhCC | ||
| 005 | 20230831105000.0 | ||
| 008 | 190607 2019b a|||| ||a| 00| 0 ben d | ||
| 020 | _a9789849374350 | ||
| 035 | _a(BD-JhCC)13336 | ||
| 040 |
_aBD-JhCC _dBD-JhCC |
||
| 041 | _aben | ||
| 082 |
_223 _a891.443 _bIQB 2019 |
||
| 100 | _aইকবাল, মুহাম্মদ জাফর | ||
| 245 |
_aযখন টুনটুনি তখন ছোটাচ্চু / _c মুহাম্মদ জাফর ইকবাল |
||
| 260 |
_aঢাকা : _bপার্ল পাবলিকেশন, _c২০১৯ |
||
| 300 |
_a১৩৬ পৃ. : _c২১ সেমি. |
||
| 650 | _aNovel, Bangali | ||
| 942 |
_2ddc _cBK _013 |
||
| 999 |
_c13337 _d13337 |
||